Séoul - Choix multiples - Statistiques

Statistiques générales
  • Ce quiz a été pris 3 050 fois
    2 989 depuis la dernière actualisation
  • Le résultat moyen est 7 sur 10
Statistiques - réponses
Question Réponse % Correct
Quelle entreprise d'électronique basée à Séoul est notamment connue pour ses produits de la gamme "Galaxy" ? Samsung
97%
Quel artiste popularisa le quartier chic de Gangnam à Séoul avec sa chanson Gangnam style sortie en 2012 ? PSY
94%
Quel film raconte les fractures de classes à Séoul a été sacré à l'unanimité à Cannes ? Parasite
82%
Quelle puissance d'occupation a presque entièrement détruit le palais de Gyeongbokgung, désormais un lieu touristique incontournable ? Japon
75%
Où en Corée du Sud se trouve Séoul ?
64%
Quel quartier de Séoul, très fréquenté par les étudiants, compte de nombreux bars et boîtes de nuit ? Hongdae
61%
Quelle dynastie fit de Séoul sa capitale en 1394, la renommant Hanseong ? Joseon
61%
Quel roi, à qui l'on attribue l'invention de l'alphabet hangeul (한글), possède une statue sur la place Gwanghwamun ? Sejong
61%
Ce fleuve traversant Séoul peut atteindre jusqu'à plus d'un kilomètre de large au coeur de la ville. Quel est son nom ? Le fleuve Han
58%
Laquelle de ces images représente la Tour Namsan, lieu populaire de photos ?
57%
Aucun quiz correspondant
Distribution des résultats
% des personnes avec chaque résultat
Percentile par nombre de réponses
Votre historique - résultats
Vous n’avez pas pris ce quiz depuis la dernière actualisation